Fishing gears in boeung chunlen community, ប្រភេទឧបករណ៍នេសាទដែលប្រើប្រាស់ក្នុងសហគមន៍បឹងជន្លេន (Record no. 4407)
[ view plain ]
| 000 -LEADER | |
|---|---|
| fixed length control field | 00560nam a22001577a 4500 |
| 003 - CONTROL NUMBER IDENTIFIER | |
| control field | OSt |
| 005 - DATE AND TIME OF LATEST TRANSACTION | |
| control field | 20151211160022.0 |
| 008 - FIXED-LENGTH DATA ELEMENTS--GENERAL INFORMATION | |
| fixed length control field | 151211b xxu||||| |||| 00| 0 eng d |
| 040 ## - CATALOGING SOURCE | |
| Transcribing agency | RUA |
| 082 ## - DEWEY DECIMAL CLASSIFICATION NUMBER | |
| Classification number | ATM.s PUT 2004 B200 Or.1 |
| 100 ## - MAIN ENTRY--PERSONAL NAME | |
| 9 (RLIN) | 4729 |
| Personal name | PUTH, SUNLY. |
| 245 ## - TITLE STATEMENT | |
| Title | Fishing gears in boeung chunlen community, ប្រភេទឧបករណ៍នេសាទដែលប្រើប្រាស់ក្នុងសហគមន៍បឹងជន្លេន |
| 260 ## - PUBLICATION, DISTRIBUTION, ETC. (IMPRINT) | |
| Place of publication, distribution, etc. | Phnom Penh |
| Name of publisher, distributor, etc. | RUA |
| Date of publication, distribution, etc. | 2004 |
| 300 ## - PHYSICAL DESCRIPTION | |
| Extent | iv; 34p. |
| Other physical details | ill. |
| Dimensions | 29cm. |
| 942 ## - ADDED ENTRY ELEMENTS (KOHA) | |
| Source of classification or shelving scheme | |
| Koha item type | ATM.s |
| Price effective from | Date last seen | Permanent Location | Not for loan | Date acquired | Source of classification or shelving scheme | Koha item type | Barcode | Lost status | Damaged status | Shelving location | Withdrawn status | Current Location | Full call number |
|---|---|---|---|---|---|---|---|---|---|---|---|---|---|
| 2015-12-11 | 2015-12-11 | Library Block B | 2015-12-11 | ATM.s | RUA009502 | B200 | Library Block B | ATM.s PUT 2004 B200 Or.1 | |||||
| 2015-12-11 | 2015-12-11 | Library Block B | 2015-12-11 | ATM.s | RUA018173 | B200 | Library Block B | ATM.s PUT 2004 B200 Or.2 | |||||
| 2015-12-11 | 2015-12-11 | Library Block B | 2015-12-11 | ATM.s | RUA018101 | B200 | Library Block B | ATM.s PUT 2004 B200 Or.3 | |||||
| 2015-12-11 | 2015-12-11 | Library Block B | 2015-12-11 | ATM.s | RUA009430 | B200 | Library Block B | ATM.s PUT 2004 B200 Or.4 | |||||
| 2015-12-11 | 2015-12-11 | Library Block B | 2015-12-11 | ATM.s | RUA009574 | B200 | Library Block B | ATM.s PUT 2004 B200 Or.5 | |||||
| 2015-12-11 | 2015-12-11 | Library Block B | 2015-12-11 | ATM.s | RUA018292 | B200 | Library Block B | ATM.s PUT 2004 B200 Or.6 | |||||
| 2015-12-11 | 2015-12-11 | Library Block B | 2015-12-11 | ATM.s | RUA034121 | B200 | Library Block B | ATM.s PUT 2004 B200 Or.7 | |||||
| 2015-12-11 | 2015-12-11 | Library Block B | 2015-12-11 | ATM.s | RUA033665 | B200 | Library Block B | ATM.s PUT 2004 B200 Or.8 | |||||
| 2015-12-11 | 2015-12-11 | Library Block B | 2015-12-11 | ATM.s | RUA034122 | B200 | Library Block B | ATM.s PUT 2004 B200 Or.9 | |||||
| 2015-12-11 | 2015-12-11 | Library Block B | 2015-12-11 | ATM.s | RUA034277 | B200 | Library Block B | ATM.s PUT 2004 B200 Or.10 |